Urban Housing in Maharashtra (Record no. 353847)

MARC details
000 -LEADER
fixed length control field 00329nam a2200121Ia 4500
008 - FIXED-LENGTH DATA ELEMENTS--GENERAL INFORMATION
fixed length control field 230511s1967 xx 000 0 und d
041 ## - LANGUAGE CODE
Language code of text/sound track or separate title eng
082 ## - DEWEY DECIMAL CLASSIFICATION NUMBER
Classification number 363.5095414
100 ## - MAIN ENTRY--PERSONAL NAME
Personal name Govt of Maharashtra, Mumbai
245 ## - TITLE STATEMENT
Title Urban Housing in Maharashtra
260 ## - PUBLICATION, DISTRIBUTION, ETC.
Place of publication, distribution, etc. Mumbai
Name of publisher, distributor, etc. Govt of Maharashtra
Date of publication, distribution, etc. 1967
906 ## - LOCAL DATA ELEMENT F, LDF (RLIN)
a Urban housing
Holdings
Withdrawn status Lost status Damaged status Not for loan Home library Current library Shelving location Date acquired Source of acquisition Total Checkouts Full call number Barcode Date last seen Price effective from Koha item type
        New Law College, Kolhapur New Law College, Kolhapur   11/05/2023 Doneted by R G Sawant   363.5095414 NLK-DO-276 11/05/2023 11/05/2023 Textbook